• 首页
  • 本馆介绍
  • 公告通知
  • 最新文献
  • 馆藏检索
  • 电子资源
  • 读者导购
  • 参考咨询
  • 我的图书馆
  • 登录
  • 详细信息显示
  • 放入我的书架
  • 预约/预借图书
  • 作者相关作品
  • 分类相关作品
  • 丛书相关作品
  • 出版社相关作品

书目信息

  • 表格格式
  • 工作单格式
  • 卡片格式
题名:
睡眠的技术
    
 
作者: 陈欣湄 著
分册:  
出版信息: 石家庄   河北科学技术出版社  2020.5
页数: 158页
开本: 21cm
丛书名:
单 册:
中图分类: R338.63
科图分类:
主题词: 睡眠--普及读物
电子资源:
ISBN: 978-7-5717-0310-3
000 01091nam0 2200277 45
001 012001000055
005 20140817103310.0
010    @a978-7-5717-0310-3@dCNY48.00
099    @aCAL 012020119553
100    @a20200628d2020 em y0chiy0110 ea
101 0  @achi
102    @aCN@b110000
105    @aa z 000yy
106    @ar
200 1  @a睡眠的技术@Ashui mian de ji shu@e如何让自己拥有更优质的睡眠@f陈欣湄著
210    @a石家庄@c河北科学技术出版社@d2020.5
215    @a158页@c图@d21cm
300    @a其他题名:如何让自己拥有更优质的睡眠
306    @a经台湾广厦有声图书有限公司授权出版
330    @a本书用通俗易懂的文字、幽默风趣的漫画揭开睡眠的秘密, 并针对失眠、睡眠质量不高等问题详细介绍了“9步骤私房睡眠法”, 有效提高现代人睡眠质量, 跟“数羊”的日子、黑眼圈统统说拜拜! 本书的出版旨在有效改善现代人睡眠问题, 提高睡眠质量, 让备受睡眠问题困扰的人睡个好觉, 具有较好的社会效益。
517 1  @a如何让自己拥有更优质的睡眠
606 0  @a睡眠@j普及读物
690    @aR338.63@v5
701  0 @a陈欣湄@Achen xin mei@4著
801    @aCN@bAHXH@c20210922
905    @b1361264-8@dR338.63@e384@f5
    
    睡眠的技术:如何让自己拥有更优质的睡眠/陈欣湄著.-石家庄:河北科学技术出版社,2020.5
    158页:图;21cm
    其他题名:如何让自己拥有更优质的睡眠
    
    ISBN 978-7-5717-0310-3:CNY48.00
    本书用通俗易懂的文字、幽默风趣的漫画揭开睡眠的秘密, 并针对失眠、睡眠质量不高等问题详细介绍了“9步骤私房睡眠法”, 有效提高现代人睡眠质量, 跟“数羊”的日子、黑眼圈统统说拜拜! 本书的出版旨在有效改善现代人睡眠问题, 提高睡眠质量, 让备受睡眠问题困扰的人睡个好觉, 具有较好的社会效益。
●
相关链接 在E读中查询图书 在五车中查询图书 在当当中查询图书 在豆瓣中查询图书


正题名:睡眠的技术     索取号:R338.63/384         预约/预借

序号 登录号 条形码 馆藏地/架位号 状态 备注
1 1361264   213612642   第二样本阅览室/ [索取号:R338.63/384] 在馆    
2 1361265   213612651   教育系资料室/ [索取号:R338.63/384] 在馆    
3 1361266   213612660   教育系资料室/ [索取号:R338.63/384] 在馆    
4 1361267   213612679   第三借阅区/ [索取号:R338.63/384] 在馆    
5 1361268   213612688   第三借阅区/ [索取号:R338.63/384] 在馆    
唐山师范学院图书馆 欢迎您!
大连网信软件有限公司© 版权所有